000 01787nam a22004337a 4500
003 CHAP
005 20250813125459.0
008 121002s2012 mx r 00010 spa d
010 _a103996
011 _a104968
035 _a115658
040 _cCHAP
090 _aTesis
100 1 _aLópez López, Ricardo.
_968054
245 1 0 _aEntomófagos asociados a Diaphorina citri (Hemipter: psyllidae) en cítricos con diferentes sistemas de manejo de arvenses en Papantla, Veracruz
_h[En línea]
_c/por Ricardo López López
260 _aChapingo, Méx. :
_bEl autor,
_c2012
500 _aPara ver el contenido del material haga clic en la liga
502 _aTesis (Ing. en Agroecología) -- UACH. Departamento en Enseñanza Investigación y Servicio en Agroecología
590 _aALEPH
_b10
_c20130110
_lUCH01
_h1547
590 _aBATCH-UPD
_b10
_c20130110
_lUCH01
_h0253
590 _aBATCH-UPD
_b10
_c20130110
_lUCH01
_h0313
590 _aBATCH-UPD
_b10
_c20130110
_lUCH01
_h0345
590 _aBATCH-UPD
_b10
_c20130110
_lUCH01
_h0431
590 _aBATCH-UPD
_b10
_c20130409
_lUCH01
_h2253
590 _aBATCH-UPD
_b10
_c20130409
_lUCH01
_h2329
590 _aBATCH-UPD
_b10
_c20130913
_lUCH01
_h2153
590 _aBATCH-UPD
_b10
_c20140324
_lUCH01
_h1534
590 _aBATCH-UPD
_b10
_c20141002
_lUCH01
_h0855
590 _aCONVERSION
_b10
_c20130109
_lUCH01
_h1357
650 1 4 _aDiaphorina citri
_932420
650 1 4 _aInsectos parásitos y predatores.
_958961
650 1 4 _aMalas hierbas
_xControl.
_970011
650 1 4 _aParasitoides.
_985467
856 _3Finding aid
_uhttp://10.13.5.2/tesis/115658.pdf
_zTeclea aqui
901 _aBK
942 _cFOLL
949 _aTesis
_bBC
_cTES
_d33724002349629
_eTS2
_fc.2
_h54080
_i115658
_st
949 _aTesis
_bBC
_cTES
_d33724002350371
_eTS1
_h54079
_i115658
_st
999 _c103996
_d103996